| 000 | 00463cam a22001457a 4500 | ||
|---|---|---|---|
| 008 | 180718b1954 xxu||||| |||| 00| 0 eng d | ||
| 082 | _aB5x47 C246 | ||
| 100 | _aCarter, Gwendolen M. | ||
| 245 |
_aGovernment of the Soviet union _cby Gwendolen M. Carter, John C. Ranney and John H. Herz |
||
| 260 |
_aCalcutta _bworld Press _c1954 |
||
| 300 | _av, 242p | ||
| 650 | _aSoviet Union --Politics and government. | ||
| 700 | _aHerz, John H. | ||
| 700 | _aRanney, John C. | ||
| 999 |
_c422156 _d422156 |
||